000 01228cam6a220032501 4500
001 tmp15761117
003 UPRA
005 20190822112520.0
007 sdubmmennuuune
008 951023n enk u
028 0 2 _aALP 1465 H.M.V.
_bALP 1465 H.M.V.
035 _a(Sirsi) r51211
035 _a(UPRA)tmp15761117
040 _cUPRA
041 0 _geng
100 1 _aSchumann, Robert, 1810-1856.
_dSchumann, Robert, 1810-1856.
_6A9118.1
240 _a10a26.1..1.10 m26.1..12.17 n26.1..30.7 r26.1..38.8
_hSound recording
245 1 0 _aPiano concerto in A minor, op. 54
_h[sound recording].
260 _aHayes, Middlesex :
_bH.M.V.
500 _aSleeve notes by Burnett James.
501 _aWith: Chopin, F.F., Piano concerto no. 2.
511 0 _aArtur Rubinstein, piano, with the R.C.A. Victor Symphony Orchestra conducted by William Steinberg.
650 0 _aConcertos (Piano)
_6S6170.1
700 1 _aRubinstein, Artur, 1887-
_dRubinstein, Artur, 1887-
_6A9123.1
700 1 _aSteinberg, William.
_6A9179.1
700 _a12a35.3..1.13 t35.3..15.21
_hSound recording.
_6A9180.1
710 2 _aRCA Victor Symphony Orchestra.
_6A9181.1
949 _aM1010
_wlcc
_i-64931
_mMAIN
_tBOOK
_lON-SHELF
004 51211
999 _c133103
_d133103